|
|
|
|
| LEADER |
00000nam a22000007a 4500 |
| 005 |
20180719130039.0 |
| 007 |
cr|||| |||| |
| 008 |
180719s2018 br |||||s|||| 00||0 por d |
| 020 |
|
|
|a 978-85-361-9587-2
|
| 035 |
|
|
|a 21767
|
| 040 |
|
|
|a vLex
|
| 090 |
|
|
|c 8057
|d 8057
|
| 100 |
1 |
|
|a Messias Saliba, Tuffi
|
| 245 |
1 |
0 |
|a Manual prt̀ico de avaliaȯ̂ e controle de vibraȯ̂ - PPRA - 201
|h [Recurso electrn̤ico] /
|c Tuffi Messias Saliba
|
| 256 |
|
|
|a Servicio en ln̕ea
|
| 260 |
|
|
|a San Pablo:
|b LTR,
|c 2018
|
| 300 |
|
|
|a 1 recurso electrn̤ico
|
| 500 |
|
|
|a Este manual aborda, de maneira objetiva e prt̀ica, os procedimentos de avaliaȯ̂ ocupacional de vibraȯ̂, bem como as medidas que visam o controle desse risco. Alm̌ disso, para melhor compreensô, foram includ̕os ilustraė̳s e exemplos prt̀icos, principalmente sobre mediȯ̂ e anl̀ise dos dados.
|
| 506 |
1 |
|
|a Disponible solo en los productos indicados”
|d vLex Global
|d vLex Global (Academic Edition, excluding Law Schools)
|d vLex Global (U.S. Academic Edition, Law Schools)
|d vLex Global (U.S. Academic Edition, excluding Law Schools)
|d vLex Global (Academic Edition, Law Schools)
|
| 650 |
0 |
4 |
|a Derecho Laboral y Seguridad Social
|z Brasil
|
| 650 |
0 |
4 |
|a Prevencin̤ de Riesgos Laborales
|z Brasil
|
| 650 |
0 |
4 |
|a Seguridad y Salud Laboral
|z Brasil
|
| 740 |
0 |
|
|a vLex Libros (Servicio en ln̕ea)
|
| 856 |
4 |
0 |
|u http://vlex.com/source/manual-pratico-de-avalia-o-e-controle-de-vibra-o-ppra-2018-21767
|z Acceso restringido
|
| 942 |
|
|
|c BOOK
|
| 999 |
0 |
|
|a Labor Law and Social Security
|
| 999 |
0 |
|
|a Prevention of Labor Risks
|
| 999 |
0 |
|
|a Occupational Health and Safety
|